Bahnen Monheim 789 - Statistiken

Allgemein
  • Dieses Quiz wurde 4 mal gespielt
  • Das Durchschnittsergebnis liegt bei 15 aus 58
Antwortstatistiken
Bildquiz Antwort % Korrekt
Monheim Mitte
100%
Hegelstraße
67%
Hellerhof S
67%
Hey Lou Hotel
67%
Holzweg
67%
Kantstraße
67%
Kirchstraße
67%
Kulturzentrum
67%
Mona Mare
67%
Monheim Markt
67%
Steinstraße
67%
Am Kielsgraben
33%
Baumberg, Kirche
33%
Benrath, Rathaus
33%
Benrath S
33%
Benrath S
33%
BSM-Betriebshof
33%
Daimlerstraße
33%
Deichstraße
33%
Dresdener Straße
33%
Fröbelstraße
33%
Garather Kirchweg
33%
Garath S, Westseite
33%
Griesstraße
33%
Holthausen
33%
Holthausen
33%
Mühlenfeld
33%
Orangerie
33%
Rostocker Straße
33%
Rudolf-Breitscheid-Straße
33%
Stauffenbergstraße
33%
Treptower Straße
33%
Adolf-Klarenbach-Straße
0%
Benrodestraße
0%
Briedestraße
0%
Erich-Klausener-Straße
0%
Erich-Müller-Straße
0%
Haydnstraße
0%
Henkelstraße
0%
Holthausen, Am Falder
0%
Itter, Friedhof Osteingang
0%
Kaldenberger Straße
0%
Kammerrathsfeldstraße
0%
Lankwitzer Weg
0%
Marconistraße
0%
Neßlerstraße
0%
Niederheid
0%
Niederheider Straße
0%
Nürnberger Straße
0%
Paul-Löbe-Straße
0%
Paul-Thomas-Straße
0%
Regerstraße
0%
Reinhold-Schneider-Straße
0%
Reisholz, Pfeiler
0%
Sodenstraße
0%
Urdenbacher Allee
0%
Walzwerkstraße
0%
Wimpfener Straße
0%
Keine übereinstimmenden Quizze gefunden
Verteilung der Resultate
Anzahl Personen mit jedem Resultat
Perzentil nach korrekt beantworteten Fragen
Ihre Resultats-Entwicklung
Sie haben dieses Quiz noch nicht gespielt